000 00752 a2200193 4500
005 20240802160724.0
010 _aB-758969
020 _a9789381383650
_c450.00
035 _aB-758969
037 _bउपहार
082 _a
100 _aमनु, प्रकाश
_969378
245 _aबाइबिल की अनोखी कहानियाँ/
_cप्रकाश मनु
260 _aनोएडा
_bअंकुर पब्लिकेशन्स
_c2015
270 _a231 सेक्टर-15-A
_bनोएडा
300 _a192 पृष्ठ.;
_c22cm. (साजिल्द)
942 _adpl
_cCH
_2ddc
_h
_mमनुप्र
999 _c202718
_d202718